Statistics for 50 States Alphabetical - Fast typing

Click here to take the quiz!

General Stats

  • This quiz has been taken 516 times
  • The average score is 24 of 50

Answer Stats

#State% Correct
1Alabama
98%
2Alaska
93%
3Arizona
88%
4Arkansas
86%
5California
81%
6Colorado
78%
8Delaware
76%
7Connecticut
72%
9Florida
72%
10Georgia
71%
11Hawaii
69%
12Idaho
66%
13Illinois
66%
14Indiana
66%
15Iowa
63%
16Kansas
61%
17Kentucky
61%
18Louisiana
60%
19Maine
57%
20Maryland
53%
21Massachusetts
51%
22Michigan
51%
23Minnesota
47%
24Mississippi
45%
25Missouri
45%
26Montana
44%
27Nebraska
42%
29New Hampshire
42%
30New Jersey
42%
28Nevada
41%
31New Mexico
39%
32New York
39%
33North Carolina
36%
34North Dakota
35%
35Ohio
33%
36Oklahoma
30%
37Oregon
28%
38Pennsylvania
27%
50Wyoming
27%
40South Carolina
26%
41South Dakota
26%
46Virginia
25%
48West Virginia
25%
39Rhode Island
24%
42Tennessee
24%
43Texas
24%
44Utah
24%
45Vermont
24%
49Wisconsin
24%
47Washington
23%

Score Distribution

Percentile by Number Answered

Percent of People with Each Score

Your Score History

You have not taken this quiz